Gratia non tollit naturam sed perficit eam

Saved in:
Bibliographic Details
Main Authors: Casanova Guerra, Carlos Augusto (Author), Serrano del Pozo, Ignacio (Author)
Format: Book
Language:Spanish
Published: Santiago Ril Editores 2016
Santiago Universidad SantoTomás 2016
Edition:1a. ed
Series:Colección Centro de Estudios Tomistas
Subjects:
Tags: Add Tag
No Tags, Be the first to tag this record!

MARC

LEADER 00000cam a2200000 a 4500
001 UCC5191
003 CL-VaPUC
008 180927e20160000cl |||||||||||||||||spa|d
020 |a 9789560102669 
082 0 4 |a 270.5  |b CAS  |2 21 
100 0 |a Casanova Guerra, Carlos Augusto  |e author  |9 599474 
700 0 |a Serrano del Pozo, Ignacio  |e author  |9 599475 
245 1 0 |a Gratia non tollit naturam sed perficit eam 
246 1 0 |a Sobre las relaciones y límites entre naturaleza y gracia: actas del Segundo Congreso Internacional de Filosofía Tomista 
250 |a 1a. ed 
300 |a 712 p 
942 |c BK 
945 |d 20180927 22:58:00  |a dcastane 
260 |a Santiago  |b Ril Editores  |c 2016 
260 |a Santiago  |b Universidad SantoTomás  |c 2016 
650 0 |a Metafísica  |9 265649 
650 7 |a TEOLOGIA CATOLICA  |2 CL-VaPUC  |9 394698 
650 7 |a GRACIA  |2 CL-VaPUC  |9 315234 
583 |a last modification  |c 20180927 22:58:00  |k Rodrigo Vera 
490 0 |a Colección Centro de Estudios Tomistas 
999 |c 372464  |d 372462 
952 |0 0  |1 0  |3 erb  |4 0  |6 270_500000000000000_CAS_2016_2016  |7 0  |8 A  |9 490137  |a BIBEDU  |b BIBEDU  |i 5503051  |o 270.5 CAS 2016 2016  |p 5503051  |r 2019-11-24  |w 2019-11-24  |y BK  |z Catalogado en:20180927  |k FIL